00615 2200229 4500001002100000005001500021007000300036008004100039035002000080082001200100084001800112100001900130245003200149260005500181300002600236650001200262650001000274700001900284856003400303990002400337990002400361INLIS00000000000853720260623020816ta260623 0 ind  a0010-0626000106 a633.174 a633.174 ISM c0 aISMAIL, Inu G.1 aCara Bercocok Tanam Sorghum aBogor :bLembaga Pusat Penelitian Pertanian,c1977 a9p :bIlus ;c24.1 cm 4aSorghum 4aTanam0 aAbdul Kodir M. aPerpustakaan BBRMP Jawa Timur a692/2026/BBRMPJATIM a693/2026/BBRMPJATIM